| 000 | 00415nam a2200133Ia 4500 | ||
|---|---|---|---|
| 008 | 210210b1987 xxu||||| |||| 00| 0 eng d | ||
| 082 | _a320.954 RUDM | ||
| 100 | _aRUDOLPH (Lloyd) and RUDOLPH (Susanne Hoeber). | ||
| 245 | _aModernity of tradition: political development in india. | ||
| 260 |
_aHyderabad _bOrient Longman Ltd _c1987 |
||
| 300 | _ax,306 | ||
| 690 | _aPolitical Situation & Condition | ||
| 906 | _a042672 | ||
| 999 |
_c92405 _d92405 |
||